000 00388nam a2200157Ia 4500
008 230917s9999||||xx |||||||||||||| ||und||
040 _e205515
_aMAIN
041 _aEnglish
082 _a301.426 K148G(2)
100 _aKarraker, Meg Wilkes
245 0 _aGlobal families
250 _a2nd ed.
260 _aLos Angeles
_bSage Publications
_c2013
300 _axv, 271 p.
942 _cBK
999 _c175699
_d175699